Statistics for Five Largest Subdivisions by Continent

Click here to take the quiz!

General Stats

  • This quiz has been taken 38 times
  • The average score is 18 of 30

Answer Stats

ContinentCountryAnswer% Correct
North AmericaUSAlaska
97%
North AmericaDKGreenland
91%
OceaniaAUNew South Wales
91%
North AmericaCANunavut
91%
North AmericaCAQuebec
91%
South AmericaBRAmazonas
88%
OceaniaAUQueensland
88%
AsiaCNTibet
88%
OceaniaAUWestern Australia
88%
OceaniaAUSouth Australia
84%
OceaniaAUNorthern Territory
78%
AsiaRUSakha
78%
AsiaCNInner Mongolia
75%
North AmericaCANorthwest Territories
72%
AsiaRUKrasnoyarsk Krai
66%
AsiaCNXinjiang
66%
South AmericaBRPará
63%
South AmericaBRMato Grosso
53%
South AmericaBRMinas Gerais
50%
South AmericaBRBahia
44%
EuropeRUKarelia
44%
EuropeRUArkhangelsk
41%
EuropeRUKomi
28%
EuropeRUNenets
28%
AfricaEGNew Valley Governorate
28%
EuropeRUPerm
25%
AfricaNEAgadez
19%
AfricaLYKufra
16%
AfricaDZTamanrasset
16%
AfricaMLTombouctou
9%

Score Distribution

Percentile by Number Answered

Percent of People with Each Score

Your Score History

You have not taken this quiz